| 000 | 00366nam a2200133Ia 4500 | ||
|---|---|---|---|
| 008 | 230917s9999||||xx |||||||||||||| ||und|| | ||
| 040 |
_e59082 _aMAIN |
||
| 041 | _aEnglish | ||
| 082 | _a297.122 A41A | ||
| 245 | 0 | _aAl-qur' an : a contemporary translation arabic ( English edition) | |
| 260 |
_aDelhi _bOxford University Press _c1987 |
||
| 300 | _a573 p. | ||
| 942 | _cBK | ||
| 999 |
_c57776 _d57776 |
||